| 000 | 00601nam a2200217Ia 4500 | ||
|---|---|---|---|
| 008 | 160418s9999 xx 000 0 und d | ||
| 020 | _a971-821-030-X | ||
| 050 | _aFIL PN 4121 | ||
| 050 | _b.J37 2002 | ||
| 100 | _aJasul, Valentino Balano. | ||
| 245 | _aEffective argumentation and debate / | ||
| 245 | _cValentino Balano Jasul. | ||
| 260 | _aValenzuela City: | ||
| 260 | _bMutya Pub. House. | ||
| 260 | _c2002 | ||
| 300 | _a120 pages : | ||
| 300 | _billustrations ; | ||
| 300 | _c27 cm. | ||
| 500 | _aIncludes bibliographical references and index.. | ||
| 650 | _aDebates and debating. | ||
| 999 |
_c293508 _d293508 |
||